Scaling procedures : issues and applications

Αποθηκεύτηκε σε:
Λεπτομέρειες βιβλιογραφικής εγγραφής
Κύριος συγγραφέας: Netemeyer, Richard G. 1956-
Άλλοι συγγραφείς: Bearden, William O. 1945-, Sharma, Subhash
Μορφή: Βιβλίο
Γλώσσα:English
Δημοσίευση: Thousand Oaks, California : Sage Publications, 2003
Θέματα:
Ετικέτες: Προσθήκη ετικέτας
Δεν υπάρχουν, Καταχωρήστε ετικέτα πρώτοι!

MARC

LEADER 00000nam a2200000 i 4500
001 1/39926
008 030902s2003 eng d
020 |a 0-7619-2027-7 
035 |l 10070714 
040 |a GR-MY-UA  |b gre  |e aacr 
041 0 |a eng 
082 0 |a 300.72 
100 1 |a Netemeyer, Richard G.  |d 1956- 
245 1 0 |a Scaling procedures :  |b issues and applications /  |c Richard G. Netemeyer, William O. Bearden, Subhash Sharma 
260 |a Thousand Oaks, California :   |b Sage Publications,   |c 2003 
300 |a 206 p. 
504 |a Includes bibliographical references and index 
650 0 0 |a Scaling (Social sciences) 
700 1 |a Bearden, William O.  |d 1945- 
700 1 |a Sharma, Subhash. 
852 |a INST  |b RHODES  |e 20030902  |h 300.72 NET  |p 005400020161  |q 005400020161  |t BK  |y 0 
901 |a BIBL4-2003-2 
909 |a Ρ  |b 105851 
922 |a 4ΕΛΗ  |b 200307  |c ΕΠΕΑΕΚ2/ΤΕΠΑΕΣ  |d ΜΙΧΑΛΟΠΟΥΛΟΣ 
950 |a 096-2003-06-24 
970 |z 2003/09/03